|
|
|
|
| LEADER |
01407nam a2200241 4500 |
| 001 |
214766 |
| 008 |
091231s1996 ii a b 001 0 eng d |
| 999 |
|
|
|c 6595
|d 6595
|
| 020 |
|
|
|a 8125901086
|
| 040 |
|
|
|a VZE
|c VZE
|d BD-DhAAL
|
| 082 |
0 |
0 |
|a 362.19697920954
|2 21
|
| 100 |
1 |
|
|a Kalra, R.M.
|9 29461
|
| 245 |
1 |
0 |
|a Adolescents and AIDS :
|b a new generation at risk /
|c R.M. Kalra, S. Kalra.
|
| 260 |
|
|
|a New Delhi :
|b Vikas Pub. House,
|c c1996 [reprint]
|
| 300 |
|
|
|a xviii, 141 pages :
|b illustrations ;
|c 22 cm.
|
| 504 |
|
|
|a Includes bibliographical references (p.[134]-138) and index.
|
| 505 |
0 |
0 |
|a Adolescents and AIDS, Third World at risk -- Teaching sexual health -- AIDS & its prevention -- Adolescents, AIDS & SEAR countries -- Out of school adolescents and AIDS -- Clarification of values and AIDS -- Community awareness drive in education and prevention of AIDS -- Cultural heritage and sexual behaviour pattern in the Third World countries (with special reference to India) -- Psychic drugs, AIDS, alcohol and adolescents -- Healthy living.
|
| 541 |
1 |
|
|e 00005877
|
| 650 |
0 |
|
|a Aids (Disease)
|x Study and teaching (Secondary)
|z India.
|9 29462
|
| 700 |
1 |
|
|a Kalra, S.
|9 29463
|
| 852 |
4 |
|
|a Ayesha Abed Library
|j General Shelf.
|
| 942 |
|
|
|2 ddc
|c BK
|
| 952 |
|
|
|0 0
|1 0
|2 ddc
|4 0
|6 362_196979209540000_KAL_1996
|7 0
|9 6708
|a BRACUL
|b BRACUL
|c GEN
|d 2009-12-31
|g 100.00
|l 0
|o 362.19697920954 KAL
|p 3010005877
|r 2009-12-31
|t 1
|w 2009-12-31
|y BK
|